| 000 | 00504nam a2200169 4500 | ||
|---|---|---|---|
| 001 | 132620 | ||
| 003 | ES-MaACL | ||
| 005 | 20230906194220.0 | ||
| 007 | t| | ||
| 008 | 070214s1971 sp r ||||1| spa d | ||
| 100 | 1 |
_aRondière, Pierre. _999511 |
|
| 245 | 1 | 0 |
_aY el mundo contuvo su aliento _b: Stalin y el 22 de junio de 1941 / _cPierre Rondière. |
| 250 | _a1ª ed. | ||
| 260 |
_aBarcelona : _bLuis de Caralt, _c1971. |
||
| 300 |
_a319 p., 6 lám. ; _c22 cm. |
||
| 852 |
_aES-MaACL _jC-38464 _bR.77223 |
||
| 999 |
_c132620 _d132620 |
||